ESSENTIALS OF AUDIOLOGY (Record no. 15518)
[ view plain ]
| 000 -LEADER | |
|---|---|
| fixed length control field | 00302nam a22001337a 4500 |
| 003 - CONTROL NUMBER IDENTIFIER | |
| control field | SGT |
| 020 ## - INTERNATIONAL STANDARD BOOK NUMBER | |
| International Standard Book Number | 978-3-131-44651-0 |
| 082 ## - DEWEY DECIMAL CLASSIFICATION NUMBER | |
| Classification number | 617.8 |
| Item number | E07G |
| 100 ## - MAIN ENTRY--PERSONAL NAME | |
| Personal name | GLFAND, STANLEY A. |
| 245 ## - TITLE STATEMENT | |
| Title | ESSENTIALS OF AUDIOLOGY |
| 260 ## - PUBLICATION, DISTRIBUTION, ETC. (IMPRINT) | |
| Place of publication, distribution, etc | NEW YORK |
| Name of publisher, distributor, etc | THIEME PUB |
| Year of Publication | 2007 |
| 300 ## - PAGE DESCRIPTION | |
| No. of Pages | 566 |
| 942 ## - ADDED ENTRY ELEMENTS (KOHA) | |
| Source of classification or shelving scheme | Dewey Decimal Classification |
| Koha item type | Books |
| 942 ## - ADDED ENTRY ELEMENTS (KOHA) | |
| -- | 6 |
| Withdrawn status | Lost status | Source of classification or shelving scheme | Damaged status | Not for loan | Collection code | Home library | Current library | Shelving location | Date acquired | Vendor Name | Cost, normal purchase price | SGTU | Bill Number | Total Checkouts | Full call number | Accession No. (Barcode) | Date last seen | Date last borrowed | Bill Date | Koha item type |
|---|---|---|---|---|---|---|---|---|---|---|---|---|---|---|---|---|---|---|---|---|
| Dewey Decimal Classification | MEDICAL | SGT Medical Library | SGT Medical Library | Text Book | 21/05/2018 | ABC | 995.00 | SGTU | 1259 | 9 | 617.8 E07G | FM10641 | 30/07/2025 | 30/07/2025 | 24/04/2018 | Books | ||||
| Dewey Decimal Classification | MEDICAL | SGT Medical Library | SGT Medical Library | Text Book | 21/05/2018 | ABC | 995.00 | SGTU | 1259 | 9 | 617.8 E07G | FM10642 | 24/04/2023 | 07/04/2023 | 24/04/2018 | Books | ||||
| Dewey Decimal Classification | MEDICAL | SGT Medical Library | SGT Medical Library | Text Book | 21/05/2018 | ABC | 995.00 | SGTU | 1259 | 7 | 617.8 E07G | FM10643 | 13/01/2025 | 30/12/2024 | 24/04/2018 | Books | ||||
| Dewey Decimal Classification | MEDICAL | SGT Medical Library | SGT Medical Library | Text Book | 21/05/2018 | ABC | 995.00 | SGTU | 1259 | 7 | 617.8 E07G | FM10644 | 01/02/2021 | 07/01/2021 | 24/04/2018 | Books | ||||
| Dewey Decimal Classification | MEDICAL | SGT Medical Library | SGT Medical Library | Text Book | 21/05/2018 | ABC | 995.00 | SGTU | 1259 | 9 | 617.8 E07G | FM10645 | 19/04/2023 | 01/04/2023 | 24/04/2018 | Books |